[Event "CZE-chT 9798"]
[Site "CZE"]
[Date "1998.03.08"]
[Round "9"]
[White "Svatos, Jan"]
[Black "Voloshin, Leonid"]
[Result "0-1"]
[WhiteElo "2355"]
[BlackElo "2420"]

1.e4 g6 2.d4 Bg7 3.Nc3 d6 4.f4 Nf6 5.Nf3 O-O 6.Bd3 Bg4 7.O-O Nc6 8.Ne2 e5
9.fxe5 dxe5 10.d5 Nd4 11.Nxe5 Nxe2+ 12.Bxe2 Bxe2 13.Qxe2 Qd6 14.Ng4 Nxg4
15.Qxg4 Qc5+ 16.Kh1 Qxc2 17.Bg5 Qxb2 18.Rae1 Rae8 19.Qd7 Qe5 20.Bf4 Re7 21.Qb5 Qd4
22.Be3 Qc3 23.Bc5 a6 24.Qb4 Qxb4 25.Bxb4 Rfe8 26.Bxe7 Rxe7 27.g3 Be5 28.Kg2 Kg7
29.a4 b5 30.axb5 axb5 31.Rb1 Bd6 32.Rxb5 Rxe4 33.Rf2 Rd4 34.Ra5 f5 35.Rb5 h5
36.Re2 h4 37.gxh4 Rxh4 38.h3 Rd4 39.Re3 Kf6 40.Kf3 Kg5 41.Re8 Rd3+ 42.Re3 Rd2
43.Re2 Rd1 44.Re8 Rh1 45.Rh8 Kf6 46.Rbb8 Rd1 47.h4 Rxd5 48.h5 gxh5 49.Rxh5 Ke5
50.Re8+ Kd4 51.Re1 Rb5 52.Rd1+ Ke5 53.Re1+ Kf6 54.Rh6+ Kg5 55.Ree6 Rb3+ 56.Kf2 Kg4
57.Reg6+ Kf4 58.Rh4+ Ke5 59.Rhh6 Ke4 60.Re6+  0-1

[Event "AUT-chT2O 9798"]
[Site "Austria"]
[Date "1998.03.11"]
[Round "11"]
[White "Fusi, Christopher"]
[Black "Sulyok, Michael"]
[Result "0-1"]
[WhiteElo "2225"]
[BlackElo "2220"]

1.e4 g6 2.d4 Bg7 3.Nc3 d6 4.f4 Nc6 5.Nf3 Bg4 6.Be3 Bxf3 7.gxf3 d5 8.exd5 Nb4
9.Bb5+ Kf8 10.Qe2 Nf6 11.O-O-O Nbxd5 12.Bd2 Nxc3 13.bxc3 c6 14.Bd3 Qa5 15.Rde1 Qa3+
16.Kd1 e6 17.Bc4 a5 18.f5 b5 19.Bb3 a4 20.Bxe6 Re8 21.Qd3 fxe6 22.fxg6 Qxa2
23.gxh7 Qc4 24.Qg6 Qd5 25.Rhg1 Rxh7 26.Re4 Qh5 27.Rf4 Qxg6 28.Rxg6 Kf7 29.Rg2 a3
30.Kc1 Reh8 31.Kb1 Rxh2 32.Rxh2 Rxh2 33.Be3 Re2 34.Bc1 Bh6 35.Rxf6+ Kxf6
36.Bxh6 Rh2 37.Bf4 Rf2 38.Bd6 Rxf3 39.Bb4 Kf5 40.Ka2 Ke4 41.Kxa3 Kd5 42.Kb3 Rf7
43.Ba3 Rc7 44.Kb2 c5 45.dxc5 Rxc5 46.Bb4 Rc4 47.Ba5 Ra4 48.Bd8 Kc4 49.Bf6 Ra7
50.Kc1 Rd7 51.Bh8 Rd5  0-1

[Event "VISA GP"]
[Site "Reykjavik"]
[Date "1998.03.11"]
[Round "2"]
[White "Van der Weide, Karel"]
[Black "Thorfinnsson, Bjorn"]
[Result "1-0"]
[WhiteElo "2450"]
[BlackElo "2100"]

1.e4 g6 2.d4 Bg7 3.Nc3 d6 4.g3 Nf6 5.Bg2 Nbd7 6.Nge2 c5 7.O-O O-O 8.h3 cxd4
9.Nxd4 Nc5 10.Be3 Bd7 11.Qd2 a6 12.a4 e5 13.Nb3 Nxb3 14.cxb3 Be6 15.b4 Qd7
16.Kh2 Ne8 17.Rfd1 Bb3 18.Rdc1 Nc7 19.Ra3 Bc4 20.Bb6 Rac8 21.Nd1 Na8 22.Bc5 Rfd8
23.Rxc4 dxc5 24.Qxd7 Rxd7 25.Ne3 Bf8 26.Nd5 Kg7 27.b5 Rd6 28.bxa6 bxa6 29.Rb3 Rcc6
30.a5 Nc7 31.Rb7 Nb5 32.f4 Rd8 33.fxe5 Re8 34.Rb6 Nd4 35.b4 Rxb6 36.axb6 Ne6
37.bxc5 Nxc5 38.Rb4 Rb8 39.Bf1 a5 40.Rb5 a4 41.Nf6 Rd8 42.Bc4 a3 43.b7 a2
44.Bxa2 Rd2+ 45.Kh1 Nxb7 46.Rxb7 Rxa2 47.Ne8+ Kg8 48.e6 Ra1+ 49.Kg2 Ra2+
50.Kf1 Ra1+ 51.Ke2 Ra2+ 52.Kd1 Ra1+ 53.Kc2 Ra2+ 54.Kb1 Rf2 55.e5 Be7 56.Rxe7 Kf8
57.Rxf7+ Rxf7 58.exf7 Kxf7  1-0

[Event "AUT-chT2O 9798"]
[Site "Austria"]
[Date "1998.03.12"]
[Round "12"]
[White "Palkovi, Jozsef"]
[Black "Brandner, Stefan"]
[Result "0-1"]
[WhiteElo "2410"]
[BlackElo "2295"]

1.e4 g6 2.d4 Bg7 3.Nc3 d6 4.h3 Nd7 5.g3 e5 6.Nge2 c6 7.a4 h5 8.f4 exd4 9.Nxd4 Qb6
10.Nde2 d5 11.a5 Qc5 12.exd5 Ne7 13.Bg2 cxd5 14.Nxd5 Nf5 15.b4 Qc4 16.Ra3 O-O
17.Qd3 Qxd3 18.Rxd3 Nf6 19.Nc7 Rb8 20.O-O b6 21.axb6 Rxb6 22.Ba3 Bb7 23.Bxb7 Rxb7
24.Na6 Re8 25.Nc3 h4 26.gxh4 Nh5 27.Nc5 Rbe7 28.Nd1 Bd4+ 29.Nf2 Nhg3 30.c3 Bxc5
31.bxc5 Nxf1 32.Kxf1 Re1+ 33.Kg2 Nxh4+ 34.Kg3 Nf5+ 35.Kh2 R8e2 36.Kg2 Ra1
37.c6 Rxa3 38.c7 Ne7 39.Kf3 Re6 40.f5 Rc6 41.Rd8+ Kg7  0-1

[Event "AUT-chT2O 9798"]
[Site "Austria"]
[Date "1998.03.12"]
[Round "12"]
[White "Hainzinger, Johann"]
[Black "Holzer, Gerhard"]
[Result "0-1"]
[WhiteElo "2120"]
[BlackElo "2245"]

1.e4 d6 2.d4 g6 3.Nc3 Bg7 4.Be3 a6 5.Be2 b5 6.a4 b4 7.Nd5 a5 8.h4 Bb7 9.Bf3 e6
10.Nf4 Nd7 11.h5 g5 12.Nd3 h6 13.Ne2 Ne7 14.Ng3 Nb6 15.c3 bxc3 16.bxc3 Nc4
17.Rb1 Nxe3 18.fxe3 Ba6 19.O-O O-O 20.Rf2 Rb8 21.Rfb2 Rxb2 22.Rxb2 Qd7 23.Be2 Qc6
24.Qb3 Bc4 25.Nb4 axb4 26.Bxc4 bxc3 27.Rc2 Qa8 28.Rxc3 c5 29.Rd3 d5 30.exd5 exd5
31.Bb5 c4 32.Bxc4 dxc4 33.Qxc4 Rc8 34.Qb4 Nd5 35.Qd2 Qxa4 36.Nf5 Bf8 37.Qd1 Qd7
38.Qg4 Rc1+ 39.Kf2 Nf6 40.Qf3 Qe6 41.d5 Ne4+ 42.Ke2 Qe5 43.Rd4 Qxf5 44.Rxe4 Qxd5
45.Rd4 Qa2+ 46.Rd2 Qc4+  0-1

[Event "VISA GP"]
[Site "Reykjavik"]
[Date "1998.03.12"]
[Round "3"]
[White "Van der Weide, Karel"]
[Black "Kindermann, Stefan"]
[Result "1/2-1/2"]
[WhiteElo "2450"]
[BlackElo "2565"]

1.e4 g6 2.d4 Bg7 3.Nc3 d6 4.g3 Nf6 5.Bg2 O-O 6.Nge2 e5 7.h3 Nc6 8.Be3 exd4
9.Nxd4 Bd7 10.O-O Re8 11.Re1 a6 12.a4 Nb4 13.Qd2 Qe7 14.Rad1 h5 15.Bg5 Qf8
16.Nb3 Be6 17.Nd4 Bd7 18.Nb3 Be6 19.Nd4 Bd7  1/2-1/2

[Event "AUT-chT2O 9798"]
[Site "Austria"]
[Date "1998.03.13"]
[Round "13"]
[White "Wallner, Alfred"]
[Black "Boehm, Hermann"]
[Result "1-0"]
[WhiteElo "2215"]
[BlackElo "2175"]

1.e4 g6 2.d4 Bg7 3.Nc3 d6 4.Be3 Nf6 5.Qd2 O-O 6.f3 e5 7.Nge2 Nc6 8.O-O-O a6
9.g4 b5 10.h4 exd4 11.Nxd4 Ne5 12.Be2 Bd7 13.h5 c5 14.Nf5 gxf5 15.gxf5 Ne8
16.h6 Bf6 17.Nd5 Bc6 18.Nxf6+ Nxf6 19.Bxc5 Nxe4 20.fxe4 dxc5 21.Qf4 Qe7 22.Qg3+ Ng6
23.Rhg1 Rad8 24.Qc3 Rxd1+ 25.Bxd1 f6 26.fxg6 Qe5 27.Qb3+ c4 28.Qe3 hxg6 29.Rxg6+ Kf7
30.Rg7+ Ke6 31.Bg4+ Kd6 32.Qa7 Qc5 33.Qxc5+ Kxc5 34.h7 Rh8 35.Bf5  1-0

[Event "VISA GP"]
[Site "Reykjavik"]
[Date "1998.03.16"]
[Round "7"]
[White "Olafsson, Thorvardur F"]
[Black "Conquest, Stuart"]
[Result "0-1"]
[WhiteElo "2015"]
[BlackElo "2480"]

1.e4 g6 2.d4 Bg7 3.Nc3 d6 4.Nf3 c6 5.Be2 b5 6.a3 a6 7.Be3 Nd7 8.O-O Bb7 9.Qd2 Qc7
10.b4 Ngf6 11.Bh6 O-O 12.Bxg7 Kxg7 13.Rfe1 Rfd8 14.Qe3 e5 15.Red1 h6 16.h3 c5
17.bxc5 exd4 18.Qxd4 dxc5 19.Qd6 Qxd6 20.Rxd6 Bxe4 21.Rad1 Bxc2 22.R1d2 Bf5
23.Nh4 b4 24.Nxf5+ gxf5 25.axb4 cxb4 26.Nb1 a5 27.R2d4 Re8 28.Bd3 Nc5 29.Bxf5 b3
30.Rc6 Re5 31.g4 a4 32.f4 Re1+ 33.Kf2 Rc1 34.Ke2 a3 35.Nxa3 Rxa3 36.g5 hxg5
37.fxg5 Ra2+ 38.Kf3 Rc3+ 39.Kf4 Rf2+ 40.Ke5 Nfd7+  0-1

[Event "POL-ch"]
[Site "Ksiaz"]
[Date "1998.03.22"]
[Round "10"]
[White "Cyborowski, Lukasz"]
[Black "Urban, Klaudiusz"]
[Result "1/2-1/2"]
[WhiteElo "2425"]
[BlackElo "2480"]

1.e4 g6 2.d4 Bg7 3.Nc3 d6 4.g3 Nf6 5.Bg2 O-O 6.Nge2 Nbd7 7.O-O c5 8.h3 Rb8
9.a4 h6 10.a5 b5 11.dxc5 dxc5 12.Bf4 e5 13.Be3 a6 14.Nd5 Nxd5 15.Qxd5 Bb7
16.Qd6 Nf6 17.Qxd8 Rfxd8 18.Nc3 Bf8  1/2-1/2

[Event "Amber-blind 7th"]
[Site "Monte Carlo"]
[Date "1998.03.26"]
[Round "11"]
[White "Shirov, Alexei"]
[Black "Van Wely, Loek"]
[Result "1-0"]
[WhiteElo "2710"]
[BlackElo "2605"]

1.e4 d6 2.d4 g6 3.Nc3 Bg7 4.f4 Nf6 5.Nf3 c5 6.Bb5+ Bd7 7.Bxd7+ Nbxd7 8.d5 O-O
9.Qe2 e6 10.dxe6 fxe6 11.O-O Qe7 12.Bd2 a6 13.a4 Rae8 14.Rae1 Qd8 15.Ng5 Qb6
16.Bc1 Qb4 17.Rd1 d5 18.e5 Nh5 19.Nh3 Bh6 20.Ne4 Nxe5 21.Nd6 Nc6 22.Nxe8 Rxe8
23.c3 Qxa4 24.g4 Ng7 25.g5 Nf5 26.gxh6  1-0

[Event "Hampstead GM"]
[Site "Hampstead"]
[Date "1998.03.27"]
[Round "4"]
[White "McDonald, Neil R"]
[Black "McNab, Colin Anderson"]
[Result "1-0"]
[WhiteElo "2485"]
[BlackElo "2500"]

1.e4 g6 2.d4 d6 3.Nc3 Bg7 4.Be3 Nf6 5.Qd2 c6 6.Bh6 Bxh6 7.Qxh6 Qa5 8.Bd3 c5
9.Nf3 cxd4 10.Nxd4 Qb6 11.O-O-O Nc6 12.Bb5 Bd7 13.Qe3 O-O 14.Nd5 Nxd5 15.exd5 Nxd4
16.Bxd7 Qc7 17.Rxd4 Qxd7 18.Re1 e5 19.dxe6 fxe6 20.f4 Rae8 21.Qd2 d5 22.h4 Rc8
23.h5 gxh5 24.Re5 Rf5 25.Rxf5 exf5 26.Rxd5 Qe6 27.c3 Rf8 28.g3 Qa6 29.Rd7 Qxa2
30.Qd4 Rf7 31.Rd8+ Rf8 32.Rxf8+ Kxf8 33.Qd8+ Kg7 34.Qg5+ Kf8 35.Qxf5+ Qf7
36.Qe5 a6 37.f5 Kg8 38.Kc2 h6 39.Kd3 Qd7+ 40.Ke4 Qa4+ 41.b4 Qc2+ 42.Kd5 Qd3+
43.Ke6 Qd8 44.Qd5 Qc7 45.f6 Qf7+ 46.Ke5 Qxd5+ 47.Kxd5 Kf7 48.Kc5 Kxf6 49.Kb6 Kg5
50.Kxb7 Kg4 51.Kxa6 Kxg3 52.b5  1-0

[Event "FRA-chT"]
[Site "FRA"]
[Date "1998.04.05"]
[Round "7"]
[White "Tissir, Mohamed"]
[Black "Bauer, Christian"]
[Result "0-1"]
[WhiteElo "2300"]
[BlackElo "2520"]

1.e4 g6 2.d4 Bg7 3.Nc3 d6 4.Be3 a6 5.a4 b6 6.Nf3 Bb7 7.Bd3 Nd7 8.O-O Ngf6
9.Qd2 O-O 10.Bh6 e5 11.h3 Re8 12.dxe5 dxe5 13.Bxg7 Kxg7 14.Ng5 Qe7 15.f4 Rad8
16.Rae1 Qc5+ 17.Rf2 h6 18.Nf3 Nh5 19.fxe5 Nxe5 20.Nxe5 Rxe5 21.Qe3 Qxe3 22.Rxe3 f5
23.g4 fxg4 24.hxg4 Rg5 25.Be2 Nf6 26.Nd5 Nxg4 27.Bxg4 Rxg4+ 28.Kf1 Bxd5 29.exd5 Rd7
30.b3 h5 31.c4 h4 32.a5 bxa5 33.Re6 a4 34.bxa4 Rxc4 35.Rxa6 Rxd5 36.Ra7 h3
37.Kg1 g5 38.a5 g4 39.Kh2 Rd3 40.Re2 Rdc3 41.a6 Rc2 42.Rxc2 Rxc2+  0-1

[Event "AUT-ch U18"]
[Site "Koestendorf"]
[Date "1998.04.05"]
[Round "2.2"]
[White "Aschenbrenner, Robert"]
[Black "Becker, Christoph"]
[Result "0-1"]
[WhiteElo "2100"]
[BlackElo "1950"]

1.e4 g6 2.d4 Bg7 3.Nc3 d6 4.Be3 Nd7 5.Nf3 c6 6.a4 Ngf6 7.h3 O-O 8.a5 e5 9.dxe5 dxe5
10.Bc4 Qe7 11.O-O Nc5 12.Nd2 Ne6 13.Bxe6 Bxe6 14.Qe2 Nh5 15.Na4 Nf4 16.Qf3 g5
17.Bc5 Qf6 18.Bxf8 Bxf8 19.Rfd1 g4 20.hxg4 Qg5 21.Re1 Rd8 22.Nf1 Bxg4 23.Qg3 Nh5
24.Qe3 Qg6 25.Ng3 Bh6 26.Qc5 Bf4 27.Qe7 Rd2 28.Nf5 Bxf5 29.exf5 Qxf5 30.Qc5 Rxc2
31.Nc3 Qg4 32.Re2 Rxe2 33.Nxe2 Qxe2 34.g3 Nxg3 35.Qb4 Ne4  0-1

[Event "Budapest FS04 GM"]
[Site "Budapest"]
[Date "1998.04.06"]
[Round "3"]
[White "Estrada Nieto, Julian"]
[Black "Fogarasi, Tibor"]
[Result "1/2-1/2"]
[WhiteElo "2395"]
[BlackElo "2440"]

1.e4 g6 2.d4 Bg7 3.Nc3 d6 4.h3 Nf6 5.Nf3 O-O 6.Be2 c6 7.a4 a5 8.O-O Na6 9.Re1 Nb4
10.Bg5 h6 11.Bh4 Qc7 12.e5 dxe5 13.Nxe5 Bf5 14.Rc1 Rad8 15.Bc4 g5 16.Bg3 Qb6
17.Ne2 e6 18.c3 Nbd5 19.Qb3 Qxb3 20.Bxb3 Ne4 21.Bh2  1/2-1/2

[Event "AUT-ch U18"]
[Site "Koestendorf"]
[Date "1998.04.06"]
[Round "3.1"]
[White "Pilaj, Herwig"]
[Black "Becker, Christoph"]
[Result "1-0"]
[WhiteElo "2196"]
[BlackElo "1950"]

1.e4 g6 2.d4 Bg7 3.Nc3 d6 4.Be3 c6 5.Qd2 Nd7 6.Nf3 b5 7.Bd3 Rb8 8.h3 Ngf6
9.Bh6 Bxh6 10.Qxh6 Qa5 11.O-O b4 12.Ne2 Qh5 13.Qe3 Qa5 14.e5 dxe5 15.dxe5 Nh5
16.Ned4 Qc7 17.e6 Nc5 18.exf7+ Kxf7 19.Bc4+ Kg7 20.Nxc6  1-0

[Event "Neckar op 2nd"]
[Site "Deizisau"]
[Date "1998.04.07"]
[Round "3"]
[White "Margolin, Boris"]
[Black "Schwarz, Arndt Ruediger"]
[Result "1-0"]
[WhiteElo "2385"]
[BlackElo "2140"]

1.e4 g6 2.d4 Bg7 3.Nc3 d6 4.Be3 Nf6 5.Qd2 c6 6.f3 O-O 7.Nge2 Nbd7 8.Bh6 b5
9.Bxg7 Kxg7 10.a4 b4 11.Nd1 a5 12.Ne3 Ba6 13.Ng3 Bxf1 14.Ngxf1 Qb6 15.g4 c5
16.g5 Ne8 17.d5 f6 18.gxf6+ Nexf6 19.Ng3 Ne5 20.Rf1 c4 21.Qe2 c3 22.b3 Qa6
23.Rd1 Qc8 24.f4 Neg4 25.Nc4 h5 26.Nb6 Qc5 27.Nxa8 Rxa8 28.Rd3 h4 29.e5 Nxd5
30.Ne4  1-0

[Event "Metz op"]
[Site "Metz"]
[Date "1998.04.07"]
[Round "2"]
[White "Pimenta, Antonio"]
[Black "Shchekachev, Andrei"]
[Result "1/2-1/2"]
[WhiteElo "2145"]
[BlackElo "2565"]

1.e4 d6 2.d4 g6 3.Nc3 Bg7 4.Nf3 a6 5.a4 b6 6.Be3 Bb7 7.Be2 e6 8.O-O Nd7 9.Qd2 h6
10.h3 Ne7 11.Bf4 Nf6 12.Bd3 g5 13.Be3 d5 14.exd5 Nexd5 15.Nxd5 Nxd5 16.c3 Qd6
17.Qe2 O-O 18.Rfe1 c5 19.dxc5 bxc5 20.Bd2 Rad8 21.Rad1 Qc6 22.Bc2 Rfe8 23.Qe4 f5
24.Qe2 Nf6 25.Qf1 Ne4 26.Bc1 Qc7 27.Rxd8 Rxd8 28.Rd1 Rxd1 29.Bxd1 c4 30.Nd2 Nd6
31.Bf3 Bxf3 32.Nxf3 Qc6 33.Qd1 e5 34.Be3 Kf7 35.b4 Ne4 36.Qc2 f4 37.Bc5 Nxc5
38.bxc5 Qxc5 39.Qf5+ Kg8 40.Qe6+ Kh7 41.Qf5+ Kh8 42.Qe6 a5  1/2-1/2

[Event "Dreifluesse op"]
[Site "Passau"]
[Date "1998.04.10"]
[Round "1"]
[White "Neumann, Michael"]
[Black "Meissner, Steffen"]
[Result "1-0"]
[WhiteElo "2195"]
[BlackElo "1812"]

1.e4 g6 2.d4 Bg7 3.Nc3 d6 4.Bg5 c6 5.Qd2 h6 6.Bh4 a6 7.f4 b5 8.Nf3 Bg4 9.Be2 Qc7
10.e5 d5 11.O-O e6 12.a4 b4 13.Nd1 a5 14.Ne3 h5 15.c3 Bf8 16.h3 Bxf3 17.Bxf3 Nd7
18.c4 Be7 19.Bxe7 Nxe7 20.Rac1 Qb6 21.cxd5 cxd5 22.Nc4 Qb8 23.Nd6+ Kf8 24.Be2 Kg7
25.Bd3 Nc8 26.Nb5 Ne7 27.Rc7 Qd8 28.Rfc1 Rc8 29.Qc2 Nb6 30.b3 Na8 31.Rxc8 Qxc8
32.Qd2 Qb8 33.Nd6 Nc8 34.Nb5 Ne7 35.Rc5 Rc8 36.Qc1 Rf8 37.Nd6 Qb6 38.Bb5 Rd8
39.Be8 Rxd6 40.exd6 Qxd6 41.Rxa5 Qd8 42.Rxa8 Qxa8 43.Bb5 Nf5 44.Qc7 Kg8 45.a5 Nxd4
46.Bd7 Qa6 47.Be8 Qd3 48.Qxf7+ Kh8 49.Qf6+ Kh7 50.Bxg6+ Qxg6 51.Qxd4 Qb1+
52.Kh2 Qxb3 53.a6 Qa3 54.Qa7+ Kg6 55.Qb6 Kf5 56.a7 h4 57.Qd4 Qa6 58.Qe5+ Kg6
59.Qb8 Qa3 60.Qg8+  1-0

[Event "Dreifluesse op"]
[Site "Passau"]
[Date "1998.04.10"]
[Round "1"]
[White "Klimpel, Siegfried"]
[Black "Hoennekes, Klaus"]
[Result "1/2-1/2"]
[WhiteElo "1694"]
[BlackElo "2110"]

1.e4 g6 2.d4 Bg7 3.Nc3 d6 4.Nf3 d5 5.Be3 Bg4 6.Be2 Nf6 7.e5 Nfd7 8.h3 Bxf3
9.Bxf3 e6 10.Qd2 a6 11.Bh6 O-O 12.Bxg7 Kxg7 13.h4 h6 14.Ne2 c5 15.c3 cxd4
16.cxd4 Nc6 17.g3 Rc8 18.O-O Qb6 19.Rac1 Ne7 20.Rxc8 Rxc8 21.Rc1 Rxc1+  1/2-1/2

[Event "Dreifluesse op"]
[Site "Passau"]
[Date "1998.04.10"]
[Round "2"]
[White "Holzner, Stefan"]
[Black "Koelbl, Stefan"]
[Result "1-0"]
[WhiteElo "1894"]
[BlackElo "1630"]

1.e4 g6 2.d4 Bg7 3.Nc3 d6 4.Be2 Nc6 5.Be3 e5 6.d5 Nce7 7.g4 Nf6 8.g5 Nd7
9.Qd2 a5 10.O-O-O b6 11.Bb5 Ba6 12.Qd3 Qc8 13.h4 h5 14.gxh6 Bxh6 15.Bxh6 Rxh6
16.Qe3 Rh5 17.Nge2 Bxb5 18.Nxb5 f5 19.f4 fxe4 20.fxe5 Nxe5 21.Nf4 Nf5 22.Qxe4 Ng3
23.Qe3 Nxh1 24.Nxh5 gxh5 25.Rg1 Qb7 26.Qg5 Nf7 27.Qg8+ Ke7 28.Re1+ Kf6 29.Rf1+ Ke5
30.Qxf7  1-0

[Event "Dreifluesse op"]
[Site "Passau"]
[Date "1998.04.10"]
[Round "2"]
[White "Keller, Manfred"]
[Black "Thamm, Oliver"]
[Result "1-0"]
[WhiteElo "2225"]
[BlackElo "1835"]

1.d4 g6 2.e4 Bg7 3.Nc3 d6 4.f4 Nf6 5.Nf3 O-O 6.Bd3 c5 7.dxc5 dxc5 8.e5 Nd5
9.Nxd5 Qxd5 10.Qe2 Nc6 11.Be4 Qd7 12.Be3 b6 13.h4 h5 14.Ng5 Qc7 15.Bf3 Rd8
16.Qc4 e6 17.g4 hxg4 18.Bxg4 Nxe5 19.fxe5 Qxe5 20.Qf4 Qxf4 21.Bxf4 Bb7 22.O-O Bxb2
23.Rae1 Bc3 24.Nxf7 Kxf7 25.Bxe6+ Ke7  1-0

[Event "Dreifluesse op"]
[Site "Passau"]
[Date "1998.04.11"]
[Round "3"]
[White "Roth, Peter"]
[Black "Walch, Ingo"]
[Result "1-0"]
[WhiteElo "2265"]
[BlackElo "1950"]

1.e4 g6 2.d4 d6 3.Nc3 Bg7 4.Be2 Nd7 5.h4 h5 6.Be3 a6 7.a4 b6 8.Nf3 Bb7 9.Ng5 e6
10.f4 Nh6 11.O-O d5 12.exd5 exd5 13.Qd3 Nf6 14.Bf3 O-O 15.Rae1 Bc8 16.Bf2 Bf5
17.Qd2 Qd7 18.Re5 Ne4 19.Ncxe4 Bxe4 20.Nxe4 dxe4 21.Rxe4 Qxa4 22.c3 Rfe8
23.Rfe1 Rxe4 24.Rxe4 Re8 25.Rxe8+ Qxe8 26.Qe2 Qxe2 27.Bxe2 a5 28.Kf1 Kf8
29.Bf3 Ke7 30.Ke2 Bf6 31.Kd3 Nf5 32.g3 Kd7 33.b3 Be7 34.Bd5 Nd6 35.c4 c6
36.Bg2 Nf5 37.c5 bxc5 38.dxc5 Bd8 39.Bh3 Ke6 40.Kc4 Bf6 41.Bg2 Kd7 42.Bh3 Ke8
43.Kd3 Bd8 44.Ke4 Ne7 45.f5 Bc7 46.g4 Nd5 47.g5 a4 48.bxa4 Nc3+ 49.Kd4 Nxa4
50.fxg6 fxg6 51.Bg2 Nb2 52.Bxc6+ Kf7 53.Bd5+ Kg7 54.Bb3 Bf4 55.Kc3 Kh7  1-0

[Event "Dreifluesse op"]
[Site "Passau"]
[Date "1998.04.11"]
[Round "4"]
[White "Schneider, Heiko"]
[Black "Beim, Valery"]
[Result "0-1"]
[WhiteElo "2270"]
[BlackElo "2555"]

1.e4 g6 2.d4 Bg7 3.Nc3 d6 4.f4 a6 5.a4 Nf6 6.Be2 c5 7.Nf3 cxd4 8.Nxd4 Nc6
9.Nb3 O-O 10.O-O Be6 11.f5 Bxb3 12.cxb3 Rc8 13.Be3 Qa5 14.Qd2 Qb4 15.Rf4 Bh6
16.fxg6 Bxf4 17.gxf7+ Kh8 18.Bxf4 Qxb3 19.Rf1 Qxf7 20.Bg5 Qg6 21.Bh6 Rfd8
22.Qf4 Rg8 23.g3 Ne5 24.Qh4 Neg4 25.Bf4 Rc5 26.Nd5 Qxe4 27.Nxf6 Nxf6 28.Bf3 Qd4+
29.Kh1 Qd3 30.Kg1 Rf5 31.Rf2 Qd4 32.Bg5 Qxh4 33.Bxh4 Ng4 34.Rf1 Ne3 35.Rf2 Rc8
36.h3 Rc1+ 37.Kh2 Rf1 38.Rxf1 Nxf1+ 39.Kg2 Ne3+ 40.Kf2 Nd5 41.Ke2 Re5+ 42.Kd2 b6
43.g4 Nf6 44.Bf2 Ne4+  0-1

[Event "Dreifluesse op"]
[Site "Passau"]
[Date "1998.04.12"]
[Round "6"]
[White "Schmidt, Peter"]
[Black "Beim, Valery"]
[Result "1/2-1/2"]
[WhiteElo "2410"]
[BlackElo "2555"]

1.e4 g6 2.d4 Bg7 3.Nc3 d6 4.Nf3 Nf6 5.Be2 O-O 6.O-O c5 7.d5 Na6 8.Bf4 Nc7
9.a4 b6 10.h3 Bb7 11.Re1  1/2-1/2

[Event "Metz op"]
[Site "Metz"]
[Date "1998.04.13"]
[Round "9"]
[White "Timoshchenko, Gennadi A"]
[Black "Souevamanien, Pascal"]
[Result "1-0"]
[WhiteElo "2520"]
[BlackElo "2195"]

1.d4 g6 2.e4 Bg7 3.Nc3 d6 4.Be3 a6 5.Qd2 b5 6.a4 b4 7.Nd1 a5 8.c3 bxc3 9.bxc3 Ba6
10.Bxa6 Rxa6 11.Ne2 Nd7 12.O-O Ngf6 13.f3 O-O 14.Bh6 Re8 15.Bxg7 Kxg7 16.Ne3 e5
17.Ng3 Kh8 18.Rf2 Ra8 19.Raf1 Nb6 20.Ng4 Ng8 21.f4 Qh4 22.Ne3 exd4 23.cxd4 Nf6
24.e5 Nfd5 25.Ne4 dxe5 26.Nxd5 Nxd5 27.dxe5 Rad8 28.Qxa5 h6 29.Rf3 Kg7 30.Qd2 Rd7
31.Nf6  1-0

[Event "ARG-ch"]
[Site "Buenos Aires"]
[Date "1998.04.23"]
[Round "8"]
[White "Zarnicki, Pablo"]
[Black "Ginzburg, Maximiliano"]
[Result "1/2-1/2"]
[WhiteElo "2515"]
[BlackElo "2470"]

1.e4 g6 2.d4 Bg7 3.Nc3 d6 4.Nf3 c6 5.Be2 Nf6 6.O-O O-O 7.h3 Qc7 8.a4 Nbd7
9.a5 e5 10.dxe5 Nxe5 11.Be3 Re8 12.Nxe5 Rxe5 13.Bf4 Rxa5 14.Qxd6 Qxd6 15.Bxd6 Rxa1
16.Rxa1 Be6 17.Be5 a6 18.Rd1 g5 19.h4 g4 20.f4 gxf3 21.gxf3 Nh5 22.Bxg7 Kxg7
23.Kf2 Kf6 24.Rg1 h6 25.Ke3 Ke5 26.Bd3 f5 27.exf5 Bxf5 28.Bxf5 Kxf5 29.Ne4 Rd8
30.Ng3+ Nxg3 31.Rxg3 Re8+ 32.Kf2 Rd8 33.Ke3 Re8+ 34.Kf2 Rd8 35.Ke3 Re8+  1/2-1/2

[Event "ARG-ch"]
[Site "Buenos Aires"]
[Date "1998.04.29"]
[Round "13"]
[White "Sorokin, Maxim"]
[Black "Szmetan, Jorge"]
[Result "1-0"]
[WhiteElo "2575"]
[BlackElo "2420"]

1.d4 d6 2.e4 g6 3.Nc3 Bg7 4.Bg5 Nf6 5.Qd2 h6 6.Be3 Ng4 7.Bf4 e5 8.dxe5 dxe5
9.Qxd8+ Kxd8 10.Bg3 h5 11.Nf3 f6 12.Rd1+ Nd7 13.Nh4 g5 14.Nf5 Rh7 15.h4 gxh4
16.Rxh4 Bf8 17.Be2 Nh6 18.Rxh5 c6 19.Bh4 Kc7 20.g4 Rh8 21.Rxd7+ Bxd7 22.Bxf6 Bxf5
23.Bxh8 Bxg4 24.Rxh6  1-0

[Event "SVR-chB"]
[Site "Nickenich"]
[Date "1998.04.??"]
[Round "?"]
[White "Schoen, Ralf"]
[Black "Derlich, Manfred"]
[Result "0-1"]
[WhiteElo "2105"]
[BlackElo "2015"]

1.e4 g6 2.d4 Bg7 3.Nc3 d6 4.Be3 Nf6 5.Nf3 Nbd7 6.Bd3 O-O 7.O-O e5 8.h3 Nh5
9.Qc1 c6 10.a4 f5 11.dxe5 f4 12.Bd2 Nxe5 13.Be2 Nxf3+ 14.Bxf3 Qg5 15.g4 Be5
16.Bg2 Qh4 17.Ne2 Bxg4 18.hxg4 f3  0-1

[Event "Zepter op"]
[Site "Minsk"]
[Date "1998.05.01"]
[Round "7"]
[White "Beshukov, Sergei"]
[Black "Zakharevich, Igor"]
[Result "0-1"]
[WhiteElo "2405"]
[BlackElo "2530"]

1.e4 g6 2.d4 Bg7 3.Nc3 d6 4.Be3 Nf6 5.Qd2 c6 6.Nf3 Nbd7 7.h3 e5 8.dxe5 dxe5
9.Qd6 Qa5 10.Bd2 Bf8 11.Qd3 Qc7 12.Qe3 Nc5 13.a4 Ne6 14.Bd3 Nh5 15.g3 Bg7
16.Ng5 Nd4 17.Ne2 O-O 18.Nxd4 exd4 19.Qe2 c5 20.h4 Bd7 21.g4 Nf4 22.Qf3 Nxd3+
23.cxd3 Bc6 24.Nh3 f5 25.gxf5 gxf5 26.Qh5 Be8 27.Qg5 fxe4 28.Nf4 Qe5 29.Qxe5 Bxe5
30.Ne6 Rf3 31.Rg1+ Kh8 32.dxe4 c4 33.Ng5 Rf6 34.Rh1 Bf4 35.Bxf4 Rxf4 36.f3 Bd7
37.Rd1 d3 38.Rh2 h6 39.Kf2 Raf8 40.Rg1 hxg5 41.hxg5+ Kg7  0-1

[Event "Neubrandenburg op"]
[Site "Neubrandenburg"]
[Date "1998.05.08"]
[Round "3"]
[White "Jorgensen, Soren Berg"]
[Black "Dettmann, Gerd"]
[Result "1-0"]
[WhiteElo "2105"]
[BlackElo "2200"]

1.e4 g6 2.d4 d6 3.Nc3 Bg7 4.f4 c5 5.dxc5 dxc5 6.Qxd8+ Kxd8 7.Be3 Bxc3+ 8.bxc3 b6
9.O-O-O+ Ke8 10.Nf3 Bd7 11.Bc4 e6 12.f5 Nf6 13.fxe6 Bxe6 14.Bd5 Bxd5 15.exd5 Nbd7
16.Rhe1 Kd8 17.Ng5 Rf8 18.Ne6+ fxe6 19.dxe6 Kc8 20.Bh6 Rg8 21.exd7+ Nxd7
22.Re7 Nf6 23.Bf4 Nh5 24.Rc7+ Kb8 25.Rg7+ Nxf4 26.Rxg8+ Kb7 27.Rxa8 Kxa8
28.g3  1-0

[Event "POR-chT"]
[Site "Lisboa"]
[Date "1998.05.10"]
[Round "5"]
[White "Pereira, Rui Silva"]
[Black "Dantas, Carlos"]
[Result "1-0"]
[WhiteElo "2255"]
[BlackElo "2200"]

1.e4 d6 2.d4 g6 3.Nc3 Bg7 4.f4 Nf6 5.Nf3 c5 6.dxc5 Qa5 7.Bd3 Qxc5 8.Qe2 Nc6
9.Be3 Qa5 10.a3 Bg4 11.O-O O-O 12.h3 Bxf3 13.Qxf3 e6 14.Kh1 d5 15.e5 Nd7
16.Nb5 a6 17.Nd4 Rac8 18.c3 Nxd4 19.Bxd4 Qc7 20.Rae1 Nb6 21.h4 Rfe8 22.h5 Nd7
23.Qh3 Bf8 24.Re3 Bc5 25.hxg6 fxg6 26.Rg3 Nf8 27.f5 exf5 28.Bxf5 Rcd8 29.Bd3 Bxd4
30.cxd4 Ne6 31.Bxg6 hxg6 32.Rxg6+ Ng7 33.Rh6 Qf7  1-0

[Event "Lisbon-ch"]
[Site "Lisbon"]
[Date "1998.05.19"]
[Round "2"]
[White "Boino, Claudio"]
[Black "Guerra, Victor"]
[Result "1-0"]
[WhiteElo "2120"]
[BlackElo "2200"]

1.e4 d6 2.d4 g6 3.Nc3 Bg7 4.Be3 Nd7 5.Nf3 Ngf6 6.h3 O-O 7.Qd2 e5 8.O-O-O exd4
9.Bxd4 Re8 10.Bc4 Nf8 11.g4 a6 12.Qf4 Be6 13.Be2 Qe7 14.Rhe1 Rad8 15.g5 Nh5
16.Qh4 f6 17.gxf6 Bxf6 18.Bxf6 Qxf6 19.Qxf6 Nxf6 20.Ng5 Kg7 21.f4 Bd7 22.Bc4 h6
23.e5 hxg5 24.exf6+ Kxf6 25.Nd5+ Kg7 26.fxg5 Rxe1 27.Rxe1 Be6 28.h4 c6 29.Ne3 d5
30.Bd3 Nd7 31.Ng2 Nc5 32.Nf4 Nxd3+ 33.cxd3 Bf7 34.Re7 Re8 35.Rxb7 Re1+ 36.Kd2 Rf1
37.Ne6+ Kg8 38.Rb8+ Kh7 39.Rf8 Rf5 40.Nd8  1-0

[Event "Lisbon-ch"]
[Site "Lisbon"]
[Date "1998.05.22"]
[Round "4"]
[White "Boino, Claudio"]
[Black "Dias, Paulo"]
[Result "1-0"]
[WhiteElo "2120"]
[BlackElo "2295"]

1.e4 g6 2.d4 Bg7 3.Nc3 d6 4.Be3 c6 5.a4 Nd7 6.Nf3 Ngf6 7.h3 O-O 8.a5 e5 9.Bc4 Qe7
10.O-O exd4 11.Bxd4 Ne5 12.Nxe5 dxe5 13.Be3 Nh5 14.Na4 Nf4 15.Qf3 Qb4 16.b3 Rd8
17.Rad1 Rxd1 18.Rxd1 Qxa5 19.Bxf4 exf4 20.Qxf4 Be6 21.Bxe6 fxe6 22.Qd6 Qe5
23.Qxe5 Bxe5 24.Nc5 b5 25.Na6 Rf8 26.Rd7 Rf7 27.Rd8+ Rf8 28.Rd7 Rf7 29.Rd8+ Kg7
30.Nc5 Re7 31.Rc8 Kf7 32.Rxc6 Rc7 33.Nxe6 Rxc6 34.Nd8+ Ke7 35.Nxc6+ Kd6 36.Nxa7 b4
37.Kf1 Kc7 38.f4 Bxf4 39.c4 bxc3 40.Nb5+ Kc6 41.Nxc3 Kc5 42.Nd5 Bc1 43.Ke2 Kd4
44.Kf3 Bg5 45.g3 h5 46.Nf4 Kc3 47.h4  1-0

[Event "BCF-chT 97/98 (4NCL)"]
[Site "GBR"]
[Date "1998.05.23"]
[Round "9"]
[White "Hinks Edwards, Thom"]
[Black "Pein, Malcolm"]
[Result "1-0"]
[WhiteElo "2260"]
[BlackElo "2435"]

1.e4 d6 2.d4 g6 3.Nc3 Bg7 4.Be3 c6 5.Qd2 Nd7 6.Nf3 b5 7.Bd3 Bb7 8.O-O a6
9.a4 Qc7 10.axb5 cxb5 11.Nd5 Bxd5 12.exd5 Qb8 13.Qa5 Nb6 14.Bxb5+ axb5 15.Qxb5+ Nd7
16.Qc6 Rxa1 17.Rxa1 Nf6 18.Ra8 O-O 19.Rxb8 Rxb8 20.b3 Nb6 21.c4 Nfd7 22.c5 Ra8
23.h3  1-0